Moving target #9 / J.A. Jance.
Available copies
- 7 of 7 copies available at LARL/NWRL Consortium.
- 2 of 2 copies available at Lake Agassiz Regional Library. (Show preferred library)
Current holds
0 current holds with 7 total copies.
View other formats and editions
Show All Copies
| Location | Call Number / Copy Notes | Barcode | Shelving Location | Status | Due Date |
|---|---|---|---|---|---|
| Crookston Public Library | M JAN (Text) | 33500011798170 | Main | Available | - |
| Moorhead Public Library | M JAN (Text) | 33500011798204 | Main | Available | - |
| Hallock Public Library | JAN (Text) | 35500005357692 | Main | Available | - |
| Karlstad LINK Site | JAN (Text) | 35500005357684 | Main | Available | - |
| Red Lake Falls Public Library | JAN (Text) | 35500005357676 | Main | Available | - |
| Roseau Public Library | JAN (Text) | 35500005357734 | Main | Available | - |
| Warroad Public Library | JAN (Text) | 35500005357718 | Main | Available | - |
Record details
- ISBN: 9781476745008 (hbk.)
- ISBN: 1476745005 (hbk.)
- Physical Description: 340 pages ; 24 cm
- Edition: First Touchstone hardcover edition.
- Publisher: New York : Simon & Schuster, 2014.
Content descriptions
| General Note: | "A Touchstone book." |
| Summary, etc.: | B. Simpson teams up with Sister Anselm to ... Read More |
Search for related items by subject
| Subject: | Reynolds, Ali (Fictitious character) > Fiction. Murder > Investigation > Fiction. Arizona > Fiction. |
| Genre: | Mystery fiction. Mystery fiction. |
Search for related items by series
| LDR | 02862cam a2200565 i 4500 | ||
|---|---|---|---|
| 001 | 160803 | ||
| 003 | LARL_NWRL_CONSORTIUM | ||
| 005 | 20140214102423.0 | ||
| 008 | 130718s2014 nyu 000 1 eng | ||
| 010 | . | ‡a2013028619 | |
| 020 | . | ‡a9781476745008 (hbk.) | |
| 020 | . | ‡a1476745005 (hbk.) | |
| 020 | . | ‡z9781476745039 (ebook) | |
| 035 | . | ‡a(OCoLC)852226511 | |
| 040 | . | ‡aDLC ‡erda ‡beng ‡cDLC ‡dIG# ‡dBTCTA ‡dYDXCP ‡dOCLCO ‡dUPZ | |
| 043 | . | ‡an-us-az | |
| 050 | 0 | 0. | ‡aPS3560.A44 ‡bM69 2014 |
| 082 | 0 | 0. | ‡a813/.54 ‡223 |
| 100 | 1 | . | ‡aJance, Judith A. ‡0(LARL_NWRL_CONSORTIUM)153746 |
| 245 | 1 | 0. | ‡aMoving target ‡n#9 / ‡cJ.A. Jance. |
| 250 | . | ‡aFirst Touchstone hardcover edition. | |
| 260 | . | ‡aNew York : ‡bSimon & Schuster, ‡c2014. | |
| 300 | . | ‡a340 pages ; ‡c24 cm | |
| 336 | . | ‡atext ‡2rdacontent | |
| 337 | . | ‡aunmediated ‡2rdamedia | |
| 338 | . | ‡avolume ‡2rdacarrier | |
| 490 | 0 | . | ‡aAli Reynolds ; ‡v9 |
| 500 | . | ‡a"A Touchstone book." | |
| 520 | . | ‡aB. Simpson teams up with Sister Anselm to investigate a suspicious accident that has left a teen prison inmate severely burned, while in England, Ali Reynolds investigates the decades-old murder of Leland's father. | |
| 650 | 0. | ‡aReynolds, Ali (Fictitious character) ‡vFiction. | |
| 650 | 0. | ‡aMurder ‡xInvestigation ‡vFiction. ‡0(LARL_NWRL_CONSORTIUM)166203 | |
| 651 | 0. | ‡aArizona ‡vFiction. ‡0(LARL_NWRL_CONSORTIUM)163221 | |
| 655 | 7. | ‡aMystery fiction. ‡2gsafd | |
| 655 | 0. | ‡aMystery fiction. | |
| 948 | . | ‡hHELD BY LAL - 277 OTHER HOLDINGS | |
| 994 | . | ‡aZ0 ‡bLAL | |
| 901 | . | ‡a160803 ‡bOCLC ‡c160803 ‡tbiblio | |

Add to basket
Permalink
Disable Highlighting